| 000 | 00363nam a2200157Ia 4500 | ||
|---|---|---|---|
| 005 | 20250428022654.0 | ||
| 008 | 240331s9999 xx 000 0 und d | ||
| 020 | _a955210730X | ||
| 082 |
_bBOT _a891 |
||
| 100 | _aBotheju,L | ||
| 245 | 0 | _aMata mathakayi | |
| 260 |
_aColombo _bM.D. Gunasena & Sons _c2000 |
||
| 300 | _a255 p ., | ||
| 650 | _aA Novel | ||
| 942 | _cL | ||
| 999 |
_c4796 _d4796 |
||